00425nam a2200109Ia 4500008004100000050002300041100002600064245007900090260008600169300003300255521002700288140724s9999 xx 000 0 und d aTS 155b.T161 2014 aTan, Jed Jefferson B. 3aAn inventory system with POS for Jed Tan Tindahan /cJed Jefferson B. Tan. aLas Piñas, Philippines :bSouthville International School and Colleges,cc2014. a42 p. :bcol. Ill. ;c28 cm. aInformation Technology